00193nam a2200085 4500100002700000245003600027260002600063300000700089650001100096 aNirodha Fonseka,K.R.S. aBioengineering for Clean energy aColombobICHEMCc2018 a27 aEnergy